LEADER 01062nam0M2200385--I450- 001 990003423290203316 005 20100707093141.0 010 $a88-88551-54-9 035 $a000342329 035 $aUSA01000342329 035 $a(ALEPH)000342329USA01 035 $a000342329 100 $a20100707d2005----||itac50 ba 101 $aita 102 $aIT 105 $a||||||||001yy 200 1 $aGiocare da libero$econversazione con Adriano Sofri$fTeo De Luigi$gprefazione di Darwin Pastorin 210 $aArezzo$cLimina$d2005 215 $aX, 54 p.$cill.$d23 cm 410 0$1001$12001 454 1$12001 461 1$1001-------$12001 606 0 $aInterviste sociali$2BNCF 676 $a300.723 700 1$aSOFRI,$bAdriano$0267699 702 1$aPASTORIN,$bDarwin 702 1$aDE LUIGI, Teo$bTeo 801 0$aIT$bICCU$gISBD$c20051116 912 $a990003423290203316 951 $a300.723 TEO$b16743 DSSP 959 $aBK 969 $aDSSP 979 $aDSSP2$b10$c20100707$lUSA01$h0931 996 $aGiocare da libero$91109427 997 $aUNISA LEADER 01326nam0-2200421---450- 001 990000316560203316 005 20060626094135.0 010 $a88-430-1587-0 035 $a0031656 035 $aUSA010031656 035 $a(ALEPH)000031656USA01 035 $a0031656 100 $a20001219d2000----||itaita03-ba----ba 101 $aita 102 $aIT 105 $a||||||||001yy 200 1 $a<> poesia epica latina$edalle origini all'età dei Flavi$fAlessandro Perutelli 210 $aRoma$cCarocci$dcopyr.2000 215 $a233 p.$d22 cm 225 1$aUniversità$v188 410 1$12001$aUniversità 606 $aEpopea latina$zSec.3.a.C.-1. 676 $a873.0109 700 1$aPERUTELLI,$bAlessandro$0168213 801 0$aIT$bUNFI 912 $a990000316560203316 951 $aV.3.B. 264(VIII A 989)$b155968 L.M.$cVIII A$d00068849 951 $aV.3.B. 264b(VIII A 989 Bis)$b155969 L.M.$cVIII A$d00068851 951 $aV.3.B. 264a(VIII A 989 A)$b155970 L.M.$cVIII A$d00068852 959 $aBK 969 $aUMA 979 $aTAMI$b40$c20001219$lUSA01$h1044 979 $c20020403$lUSA01$h1639 979 $aPATRY$b90$c20040406$lUSA01$h1622 979 $aCOPAT6$b90$c20051111$lUSA01$h1606 979 $aCOPAT1$b90$c20060626$lUSA01$h0941 996 $aPoesia epica latina$9865759 997 $aUNISA